Principles of Gender, Development and Environmental Management (Record no. 230)

MARC details
000 -LEADER
fixed length control field 00644nam a22002177a 4500
003 - CONTROL NUMBER IDENTIFIER
control field OSt
005 - DATE AND TIME OF LATEST TRANSACTION
control field 20210401162007.0
008 - FIXED-LENGTH DATA ELEMENTS--GENERAL INFORMATION
fixed length control field 140716b xxu||||| |||| 00| 0 eng d
020 ## - INTERNATIONAL STANDARD BOOK NUMBER
International Standard Book Number 8115890373
040 ## - CATALOGING SOURCE
Transcribing agency DDC
082 ## - DEWEY DECIMAL CLASSIFICATION NUMBER
Edition number 22nd ed.
Classification number 305.3 BUC 2008
100 ## - MAIN ENTRY--PERSONAL NAME
Personal name Buchholz, Rogene A.; Johnson, S. Arora
9 (RLIN) 610
245 ## - TITLE STATEMENT
Title Principles of Gender, Development and Environmental Management
260 ## - PUBLICATION, DISTRIBUTION, ETC. (IMPRINT)
Place of publication, distribution, etc. New Delhi:
Name of publisher, distributor, etc. Routledge,
Date of publication, distribution, etc. 2008
300 ## - PHYSICAL DESCRIPTION
Extent xv,455p;
Other physical details ill:
Dimensions 23cm
504 ## - BIBLIOGRAPHY, ETC. NOTE
Bibliography, etc Notes, References, & index icluded
650 ## - SUBJECT ADDED ENTRY--TOPICAL TERM
Topical term or geographic name as entry element Gender
9 (RLIN) 611
650 ## - SUBJECT ADDED ENTRY--TOPICAL TERM
Topical term or geographic name as entry element Development
9 (RLIN) 612
650 ## - SUBJECT ADDED ENTRY--TOPICAL TERM
Topical term or geographic name as entry element Environmental management
9 (RLIN) 583
942 ## - ADDED ENTRY ELEMENTS (KOHA)
Source of classification or shelving scheme Dewey Decimal Classification
Koha item type Book Bank
Holdings
Withdrawn status Lost status Source of classification or shelving scheme Damaged status Not for loan Home library Current library Date acquired Source of acquisition Inventory number Total Checkouts Full call number Barcode Date last seen Koha item type
    Dewey Decimal Classification     MUST Main Library MUST Main Library 16/07/2014 Purchase 12/36449   305.3 BUC 2008 2014-0819 16/07/2014 Open Shelf
    Dewey Decimal Classification     MUST Main Library MUST Main Library 16/07/2014 Purchase 12/36448   305.3 BUC 2008 2014-0820 16/07/2014 Open Shelf
    Dewey Decimal Classification     MUST Main Library MUST Main Library 16/07/2014 Purchase 12/36447   305.3 BUC 2008 2014-0821 16/07/2014 Open Shelf
    Dewey Decimal Classification     MUST Main Library MUST Main Library 16/07/2014 Purchase 12/36446   305.3 BUC 2008 2014-0822 16/07/2014 Open Shelf
    Dewey Decimal Classification     MUST Main Library MUST Main Library 16/07/2014 Purchase 12/36445   305.3 BUC 2008 2014-0823 16/07/2014 Open Shelf
    Dewey Decimal Classification     MUST Main Library MUST Main Library 16/07/2014 Purchase 12/36444   305.3 BUC 2008 2014-0824 16/07/2014 Open Shelf